[Event "LI C.to Italiano"]
[Site "Chianciano Terme ITA"]
[Date "1991.12.??"]
[Round "1"]
[White "Manca, Federico"]
[Black "Sarno, Spartaco"]
[WhiteElo "2410"]
[BlackElo "2385"]
[Result "0-1"]
[PlyCount "60"]
[EventDate "1991.12.11"]

1. e4 d6 2. d4 Nf6 3. Nc3 g6 4. Nf3 Bg7 5. h3 O-O 6. Be3 a6 7. Bd3 b5 8. O-O
Bb7 9. a3 Nbd7 10. Re1 c5 11. d5 Qc7 12. Qd2 Rad8 13. Bh6 Ne5 14. Nh4 e6 15.
Bxg7 Kxg7 16. dxe6 fxe6 17. f4 Nxd3 18. cxd3 d5 19. exd5 Nxd5 20. Nxd5 Bxd5 21.
Re5 c4 22. Rae1 cxd3 23. Qxd3 Rxf4 24. Qg3 Rdf8 25. Rg5 Qc5+ 26. Kh2 Qc2 27.
Re2 Qxe2 28. Rxg6+ Kh8 29. Qg5 Qe4 30. Qh6 Rg8 0-1

[Event "LI C.to Italiano"]
[Site "Chianciano Terme ITA"]
[Date "1991.12.??"]
[Round "1"]
[White "Vaccani, Alberto"]
[Black "Bellia, Fabrizio"]
[WhiteElo "2270"]
[BlackElo "2270"]
[Result "0-1"]
[PlyCount "120"]
[EventDate "1991.12.11"]

1. e4 e5 2. Bc4 Nf6 3. Nc3 Nc6 4. d3 Bb4 5. Bg5 h6 6. Bxf6 Qxf6 7. Nge2 Ne7 8.
O-O Bxc3 9. bxc3 g5 10. Ng3 d6 11. Nh5 Qg6 12. d4 O-O 13. Rb1 Kh8 14. Ng3 c5
15. Be2 b6 16. Bg4 cxd4 17. cxd4 Bxg4 18. Qxg4 Qe6 19. Qxe6 fxe6 20. Rfd1 Rfd8
21. Rd3 exd4 22. Rxd4 Nc6 23. Rc4 Rac8 24. Rd1 Kg7 25. Nf1 Kf7 26. Ne3 Ke7 27.
g3 Rg8 28. Kg2 Ne5 29. Ra4 a5 30. Rad4 Rc6 31. Rb1 h5 32. h3 h4 33. Rb3 hxg3
34. fxg3 Rgc8 35. Kf2 Nc4 36. a4 Nxe3 37. Kxe3 Rxc2 38. Rxb6 R8c3+ 39. Rd3
Rxd3+ 40. Kxd3 Ra2 41. Rb5 Ra3+ 42. Ke2 Kf6 43. Rxa5 Rxg3 44. h4 gxh4 45. Rh5
h3 46. a5 Kg6 47. Rh8 Ra3 48. a6 Rxa6 49. Rxh3 Ra4 50. Re3 Kg5 51. Kf3 Rd4 52.
Ra3 Kf6 53. Ke3 Rb4 54. Ra8 Rb3+ 55. Kd4 e5+ 56. Kc4 Re3 57. Kd5 Rd3+ 58. Kc6
Rd4 59. Kd7 Rxe4 60. Kxd6 Rd4+ 0-1

[Event "LI C.to Italiano"]
[Site "Chianciano Terme ITA"]
[Date "1991.12.??"]
[Round "1"]
[White "Vezzosi, Paolo"]
[Black "Ceschia, Ivano"]
[WhiteElo "2330"]
[BlackElo "2325"]
[Result "1-0"]
[PlyCount "56"]
[EventDate "1991.12.11"]

1. c4 e5 2. g3 Nf6 3. Bg2 Bc5 4. Nc3 O-O 5. d3 Re8 6. Nf3 d5 7. cxd5 Nxd5 8.
O-O Nxc3 9. bxc3 Nc6 10. Ng5 Be7 11. Ne4 f5 12. Qb3+ Kh8 13. Nd2 Bf6 14. Ba3 e4
15. Rad1 exd3 16. exd3 Na5 17. Qc2 Bd7 18. d4 Bb5 19. c4 Ba6 20. Bb4 Nc6 21.
Bxc6 bxc6 22. Bc5 Qd7 23. Qa4 Bc8 24. Rfe1 h6 25. Nb3 a5 26. d5 f4 27. Bd4
Rxe1+ 28. Rxe1 Bb7 1-0

[Event "LI C.to Italiano"]
[Site "Chianciano Terme ITA"]
[Date "1991.12.??"]
[Round "2"]
[White "Bellia, Fabrizio"]
[Black "Marinelli, Tullio"]
[WhiteElo "2270"]
[BlackElo "2365"]
[Result "1/2-1/2"]
[PlyCount "70"]
[EventDate "1991.12.11"]

1. e4 c5 2. Nf3 d6 3. d4 cxd4 4. Nxd4 Nf6 5. Nc3 a6 6. Be2 e5 7. Nb3 Be7 8. Be3
Be6 9. Qd2 Nbd7 10. f4 Qc7 11. O-O-O exf4 12. Bxf4 Ne5 13. Kb1 O-O 14. h3 Rfe8
15. g4 Bf8 16. Nd4 Bc4 17. g5 Nfd7 18. h4 Rac8 19. h5 Qb6 20. b3 Bxe2 21. Nd5
Qc5 22. Qxe2 Nb6 23. Nf5 Nxd5 24. Rxd5 Qc3 25. Ne3 b5 26. Rhd1 Nc4 27. Nxc4
bxc4 28. Bxd6 cxb3 29. axb3 Bxd6 30. Rxd6 a5 31. Qd3 Qc5 32. Rd5 Qa3 33. Qb5
Ra8 34. R5d4 Qe7 35. Qd5 a4 1/2-1/2

[Event "LI C.to Italiano"]
[Site "Chianciano Terme ITA"]
[Date "1991.12.??"]
[Round "2"]
[White "Rossi, Carlo"]
[Black "Passerotti, Pierluigi"]
[WhiteElo "2325"]
[BlackElo "2320"]
[Result "0-1"]
[PlyCount "72"]
[EventDate "1991.12.11"]

1. e4 c5 2. Nf3 g6 3. d3 Bg7 4. g3 Nc6 5. Bg2 e6 6. O-O Nge7 7. c3 d5 8. Nbd2
b6 9. Re1 Qc7 10. Nf1 O-O 11. Qe2 dxe4 12. dxe4 a5 13. e5 Ba6 14. Qe4 Rad8 15.
Bg5 Bd3 16. Qh4 h6 17. Bh3 Bxf1 18. Kxf1 Rd3 19. Re3 Rxe3 20. Bxe3 g5 21. Bxg5
Ng6 22. Qh5 hxg5 23. Nxg5 Re8 24. Bxe6 Ngxe5 25. Bd5 Nd8 26. Re1 Re7 27. f4
Nec6 28. Qh7+ Kf8 29. Re4 Qd6 30. Qf5 Rxe4 31. Nxe4 Qe7 32. Qc8 Qe8 33. Nd6 Ne7
34. Qh3 Qa4 35. Bb3 Qc6 36. Kf2 Qxd6 0-1

[Event "LI C.to Italiano"]
[Site "Chianciano Terme ITA"]
[Date "1991.12.??"]
[Round "2"]
[White "Sarno, Spartaco"]
[Black "Ceschia, Ivano"]
[WhiteElo "2385"]
[BlackElo "2325"]
[Result "0-1"]
[PlyCount "58"]
[EventDate "1991.12.11"]

1. d4 d5 2. c4 e6 3. Nf3 c5 4. cxd5 exd5 5. g3 Nf6 6. Bg2 Be7 7. O-O O-O 8. Nc3
Nc6 9. Bg5 cxd4 10. Nxd4 h6 11. Bf4 Bb4 12. Rc1 Bg4 13. Ncb5 Qd7 14. Qb3 Ba5
15. Rfd1 Bb6 16. Nf3 Rfe8 17. Nc3 d4 18. Na4 Rxe2 19. Nxb6 axb6 20. Be3 Qf5 21.
Nxd4 Nxd4 22. Bxd4 Rd8 23. f3 Bh3 24. Bf2 Rxd1+ 25. Qxd1 Bxg2 26. Qxe2 Bxf3 27.
Qf1 Bd5 28. b3 Qe4 29. Bxb6 Ng4 0-1

[Event "LI C.to Italiano"]
[Site "Chianciano Terme ITA"]
[Date "1991.12.??"]
[Round "2"]
[White "Tatai, Stefano"]
[Black "Vaccani, Alberto"]
[WhiteElo "2410"]
[BlackElo "2270"]
[Result "1-0"]
[PlyCount "47"]
[EventDate "1991.12.11"]

1. d4 d5 2. c4 c6 3. Nc3 Nf6 4. e3 Bf5 5. Qb3 Qb6 6. Qxb6 axb6 7. cxd5 cxd5 8.
Nf3 Nc6 9. Bb5 Rc8 10. Ne5 Bd7 11. Nxd7 Kxd7 12. e4 e6 13. e5 Ng8 14. Be3 Nge7
15. Ke2 h5 16. Na4 Kc7 17. Rhc1 Ra8 18. b4 Nc8 19. a3 N8a7 20. Bd3 b5 21. Nc3
Kb6 22. Rab1 Be7 23. Rb3 f5 24. Bxf5 1-0

[Event "LI C.to Italiano"]
[Site "Chianciano Terme ITA"]
[Date "1991.12.??"]
[Round "2"]
[White "Vallifuoco, Giacomo"]
[Black "Vezzosi, Paolo"]
[WhiteElo "2360"]
[BlackElo "2330"]
[Result "1/2-1/2"]
[PlyCount "121"]
[EventDate "1991.12.11"]

1. Nf3 Nf6 2. c4 c5 3. g3 g6 4. Bg2 Bg7 5. O-O d5 6. cxd5 Nxd5 7. Nc3 O-O 8.
Nxd5 Qxd5 9. d3 Nc6 10. a3 Bd7 11. Rb1 Rac8 12. Be3 Qh5 13. b4 cxb4 14. axb4
Qb5 15. Qd2 b6 16. Rfc1 e5 17. Bh6 Bg4 18. Bxg7 Kxg7 19. Qa2 Bxf3 20. Bxf3 Nd4
21. Qxa7 Rxc1+ 22. Rxc1 Qxb4 23. Kg2 Nxe2 24. Bxe2 Qd2 25. Rc7 Qxe2 26. Qxb6
Qxd3 27. Qc6 Rd8 28. Qf3 Rd7 29. Qxd3 Rxd3 30. h4 Kf6 31. Kf1 Rd2 32. Kg2 e4
33. Kf1 h6 34. Ke1 e3 35. fxe3 Rg2 36. Rc4 Rxg3 37. Kf2 Rh3 38. Re4 g5 39.
hxg5+ hxg5 40. Ra4 Kf5 41. Ra5+ Kg4 42. Ra4+ Kf5 43. Ra5+ Kg6 44. Ra6+ f6 45.
e4 Kf7 46. Ke2 Ke7 47. Rb6 Rc3 48. Ra6 Kf7 49. Rb6 Rc5 50. Kf3 Re5 51. Ra6 Re6
52. Ra8 Rb6 53. Rc8 Rb3+ 54. Kf2 Rb6 55. Kf3 Ke6 56. Re8+ Kd7 57. Ra8 Rc6 58.
Rb8 Rc3+ 59. Kf2 Kd6 60. Re8 Rb3 61. e5+ 1/2-1/2

[Event "LI C.to Italiano"]
[Site "Chianciano Terme ITA"]
[Date "1991.12.??"]
[Round "3"]
[White "Ceschia, Ivano"]
[Black "Vallifuoco, Giacomo"]
[WhiteElo "2325"]
[BlackElo "2360"]
[Result "1-0"]
[PlyCount "73"]
[EventDate "1991.12.11"]

1. e4 c5 2. Nf3 e6 3. d4 cxd4 4. Nxd4 Nf6 5. Bd3 Nc6 6. Be3 Qc7 7. Nd2 Be7 8.
O-O O-O 9. Kh1 d5 10. Nxc6 bxc6 11. f4 Rd8 12. e5 Nd7 13. c4 dxc4 14. Nxc4 Nc5
15. Bxc5 Bxc5 16. Qc2 g6 17. Rad1 Ba6 18. Nd6 Bxd3 19. Qxd3 Rd7 20. Qd2 Rad8
21. Rf3 Bxd6 22. Rd3 c5 23. Rxd6 Rxd6 24. exd6 Qc6 25. Kg1 Rd7 26. Kf2 h5 27.
h3 h4 28. f5 exf5 29. Qf4 c4 30. Qe5 Qe4 31. Qxe4 fxe4 32. Ke3 f5 33. Kf4 Kf7
34. Ke5 Rd8 35. Kd5 e3 36. d7 Rb8 37. Kd6 1-0

[Event "LI C.to Italiano"]
[Site "Chianciano Terme ITA"]
[Date "1991.12.??"]
[Round "3"]
[White "Marinelli, Tullio"]
[Black "Tatai, Stefano"]
[WhiteElo "2365"]
[BlackElo "2410"]
[Result "1/2-1/2"]
[PlyCount "61"]
[EventDate "1991.12.11"]

1. d4 Nf6 2. c4 e6 3. Nc3 Bb4 4. Qc2 O-O 5. e3 b6 6. Bd3 Bb7 7. f3 d5 8. cxd5
exd5 9. Nge2 c5 10. O-O Nc6 11. a3 cxd4 12. Nxd4 Nxd4 13. exd4 Be7 14. Bg5 h6
15. Bh4 Nh5 16. Bxe7 Qxe7 17. Rfe1 Qh4 18. Qf2 Qxf2+ 19. Kxf2 Nf4 20. Bf5 g6
21. g3 Nh5 22. Re7 Rab8 23. Bh3 Rfd8 24. Rae1 Nf6 25. Na2 Kf8 26. R7e2 Bc8 27.
Bg2 Ba6 28. Rd2 Rbc8 29. Nb4 Bb5 30. Nc2 Rc7 31. Ne3 1/2-1/2

[Event "LI C.to Italiano"]
[Site "Chianciano Terme ITA"]
[Date "1991.12.??"]
[Round "3"]
[White "Passerotti, Pierluigi"]
[Black "Manca, Federico"]
[WhiteElo "2320"]
[BlackElo "2410"]
[Result "1-0"]
[PlyCount "77"]
[EventDate "1991.12.11"]

1. d4 Nf6 2. c4 c5 3. Nf3 cxd4 4. Nxd4 e5 5. Nb5 d5 6. cxd5 Bc5 7. Qc2 Nbd7 8.
e4 Ng4 9. f3 Nf2 10. b4 Bb6 11. Nc7+ Bxc7 12. Qxf2 Qe7 13. Be3 Qxb4+ 14. Nd2
Bb6 15. Rb1 Qc3 16. Bxb6 axb6 17. Bc4 b5 18. Bb3 Qd3 19. Rd1 b4 20. Nc4 Qc3+
21. Ke2 b5 22. Nb6 Nxb6 23. Qxb6 O-O 24. Rd3 Qb2+ 25. Rd2 Qc3 26. Rb1 Ra6 27.
Qf2 Qc7 28. Rc2 Qe7 29. Rbc1 Bd7 30. Rc7 Rg6 31. R1c6 Qd8 32. Rc2 f5 33. exf5
Bxf5 34. R2c6 e4 35. Rxg6 Bxg6 36. d6+ Kh8 37. Qd4 exf3+ 38. gxf3 Re8+ 39. Kf2
1-0

[Event "LI C.to Italiano"]
[Site "Chianciano Terme ITA"]
[Date "1991.12.??"]
[Round "3"]
[White "Vaccani, Alberto"]
[Black "Rossi, Carlo"]
[WhiteElo "2270"]
[BlackElo "2325"]
[Result "0-1"]
[PlyCount "64"]
[EventDate "1991.12.11"]

1. e4 c5 2. Nf3 Nc6 3. d4 cxd4 4. Nxd4 g6 5. c4 Bg7 6. Be3 Nf6 7. Nc3 O-O 8.
Be2 d6 9. O-O Bd7 10. f3 Nxd4 11. Bxd4 a5 12. Qd2 Bc6 13. Rfd1 Nd7 14. Be3 a4
15. Rac1 Qa5 16. Nd5 Bxd5 17. Qxa5 Rxa5 18. cxd5 Nc5 19. Bg5 Re8 20. Rb1 h6 21.
Bh4 g5 22. Bf2 Bf6 23. Rdc1 Rc8 24. Kf1 Raa8 25. Bb5 Kg7 26. Rc2 a3 27. bxa3
Rxa3 28. Be2 Nxe4 29. Rxc8 Nd2+ 30. Ke1 Nxb1 31. Rb8 Rxa2 32. Rxb7 Bc3+ 0-1

[Event "LI C.to Italiano"]
[Site "Chianciano Terme ITA"]
[Date "1991.12.??"]
[Round "4"]
[White "Manca, Federico"]
[Black "Vaccani, Alberto"]
[WhiteElo "2410"]
[BlackElo "2270"]
[Result "1-0"]
[PlyCount "79"]
[EventDate "1991.12.11"]

1. e4 e6 2. d4 d5 3. Nc3 Nf6 4. e5 Nfd7 5. f4 c5 6. Nf3 Nc6 7. Be3 cxd4 8. Nxd4
Qb6 9. Qd2 Qxb2 10. Rb1 Qa3 11. Ncb5 Qxa2 12. Rb3 Qa1+ 13. Ke2 Bc5 14. Nc7+ Kd8
15. Ndxe6+ fxe6 16. Nxe6+ Ke7 17. Nxc5 d4 18. Nxd7 Bxd7 19. Qc1 Qa4 20. Bd2 d3+
21. Rxd3 Bf5 22. Qa3+ Qxa3 23. Rxa3 Bxc2 24. g3 Be4 25. Rg1 Bd5 26. Be3 b5 27.
Kf2 a6 28. Bh3 Bc4 29. Bg2 Rhc8 30. Rd1 a5 31. Rd6 b4 32. Ra1 Bb5 33. Bc5 Ke8
34. Re6+ Kf7 35. Bd5 Rd8 36. Rd6+ Ke8 37. Bxc6+ Bxc6 38. Rxc6 Rdb8 39. Rc7 a4
40. Rxg7 1-0

[Event "LI C.to Italiano"]
[Site "Chianciano Terme ITA"]
[Date "1991.12.??"]
[Round "5"]
[White "Ceschia, Ivano"]
[Black "Tatai, Stefano"]
[WhiteElo "2325"]
[BlackElo "2410"]
[Result "0-1"]
[PlyCount "50"]
[EventDate "1991.12.11"]

1. e4 e5 2. Nc3 Nf6 3. g3 d5 4. exd5 Nxd5 5. Bg2 Nxc3 6. bxc3 Bd6 7. Nf3 O-O 8.
O-O Nc6 9. d3 Bg4 10. h3 Bh5 11. Rb1 Rb8 12. Qe1 Kh8 13. Nh4 f6 14. Qe4 Bf7 15.
a4 Qd7 16. Qf5 Be6 17. Qh5 Ne7 18. f4 exf4 19. Bxf4 g5 20. Be4 Bg8 21. Be3 gxh4
22. Rxf6 c5 23. Rxd6 Qxd6 24. Qxc5 Qxg3+ 25. Bg2 Bd5 0-1

[Event "LI C.to Italiano"]
[Site "Chianciano Terme ITA"]
[Date "1991.12.??"]
[Round "5"]
[White "Marinelli, Tullio"]
[Black "Manca, Federico"]
[WhiteElo "2365"]
[BlackElo "2410"]
[Result "1/2-1/2"]
[PlyCount "23"]
[EventDate "1991.12.11"]

1. d4 Nf6 2. c4 c5 3. d5 b5 4. cxb5 a6 5. bxa6 Bxa6 6. Nc3 g6 7. e4 Bxf1 8.
Kxf1 d6 9. Nge2 Bg7 10. h4 Nbd7 11. Rh3 O-O 12. Qc2 1/2-1/2

[Event "LI C.to Italiano"]
[Site "Chianciano Terme ITA"]
[Date "1991.12.??"]
[Round "5"]
[White "Vallifuoco, Giacomo"]
[Black "Bellia, Fabrizio"]
[WhiteElo "2360"]
[BlackElo "2270"]
[Result "1/2-1/2"]
[PlyCount "28"]
[EventDate "1991.12.11"]

1. e4 e5 2. Nf3 Nc6 3. Bb5 a6 4. Ba4 Nf6 5. O-O Be7 6. Re1 b5 7. Bb3 d6 8. c3
O-O 9. h3 Na5 10. Bc2 c5 11. d4 Qc7 12. Nbd2 Bd7 13. d5 c4 14. Nb1 Nb7 1/2-1/2

[Event "LI C.to Italiano"]
[Site "Chianciano Terme ITA"]
[Date "1991.12.??"]
[Round "5"]
[White "Vezzosi, Paolo"]
[Black "Rossi, Carlo"]
[WhiteElo "2330"]
[BlackElo "2325"]
[Result "1/2-1/2"]
[PlyCount "37"]
[EventDate "1991.12.11"]

1. d4 d6 2. e4 Nf6 3. Nc3 Nc6 4. Nf3 Bg4 5. d5 Nb8 6. Be2 Nbd7 7. O-O g6 8. Be3
c6 9. a4 Bxf3 10. Bxf3 Qa5 11. Bd4 Bg7 12. b4 Qc7 13. a5 c5 14. Nb5 Qc8 15.
bxc5 Nxc5 16. e5 dxe5 17. Bxe5 O-O 18. Nc7 Rb8 19. Nb5 1/2-1/2

[Event "LI C.to Italiano"]
[Site "Chianciano Terme ITA"]
[Date "1991.12.??"]
[Round "6"]
[White "Rossi, Carlo"]
[Black "Ceschia, Ivano"]
[WhiteElo "2325"]
[BlackElo "2325"]
[Result "1/2-1/2"]
[PlyCount "21"]
[EventDate "1991.12.11"]

1. Nc3 Nf6 2. g3 d5 3. Bg2 e6 4. f4 Nbd7 5. d3 Be7 6. Nf3 O-O 7. O-O b6 8. Kh1
a5 9. h3 Ba6 10. g4 c5 11. Qe1 1/2-1/2

[Event "LI C.to Italiano"]
[Site "Chianciano Terme ITA"]
[Date "1991.12.??"]
[Round "6"]
[White "Sarno, Spartaco"]
[Black "Bellia, Fabrizio"]
[WhiteElo "2385"]
[BlackElo "2270"]
[Result "1/2-1/2"]
[PlyCount "88"]
[EventDate "1991.12.11"]

1. d4 Nf6 2. c4 g6 3. Nc3 Bg7 4. e4 d6 5. f3 O-O 6. Be3 Nbd7 7. Qd2 c6 8. Bd3
e5 9. d5 cxd5 10. cxd5 Nc5 11. Bc2 a5 12. Nge2 Bd7 13. O-O b5 14. a3 a4 15. Na2
Qb8 16. Nb4 Rc8 17. Nc3 Nb7 18. Bd3 Na5 19. Qe2 Nb3 20. Rad1 Nd4 21. Bxd4 exd4
22. Nxb5 Nh5 23. f4 Ra5 24. Nxd6 Qxd6 25. e5 Nxf4 26. exd6 Nxe2+ 27. Bxe2 Be5
28. Kh1 Raa8 29. Nc6 Bxd6 30. Rxd4 Rc7 31. g3 Rb7 32. Rd2 Bf5 33. Bf3 Ra6 34.
g4 Bc8 35. Rc2 Ra8 36. Re1 Bd7 37. Re3 Kg7 38. Kg2 Ra6 39. Ree2 Ra8 40. Re3 Ra6
41. Ne5 Bb5 42. Nc6 Rab6 43. Na5 Ra7 44. Nc6 Rab7 1/2-1/2

[Event "LI C.to Italiano"]
[Site "Chianciano Terme ITA"]
[Date "1991.12.??"]
[Round "6"]
[White "Tatai, Stefano"]
[Black "Vallifuoco, Giacomo"]
[WhiteElo "2410"]
[BlackElo "2360"]
[Result "1/2-1/2"]
[PlyCount "39"]
[EventDate "1991.12.11"]

1. d4 Nf6 2. c4 c5 3. Nf3 cxd4 4. Nxd4 e6 5. Nc3 d5 6. cxd5 Nxd5 7. Bd2 Bc5 8.
Nb3 Bb6 9. Nxd5 exd5 10. e3 Nc6 11. Bc3 Qg5 12. h4 Qe7 13. Qxd5 Be6 14. Qe4 O-O
15. Bc4 Bxc4 16. Qxc4 Rac8 17. Qg4 f5 18. Qg5 Qxg5 19. hxg5 f4 20. exf4 1/2-1/2

[Event "LI C.to Italiano"]
[Site "Chianciano Terme ITA"]
[Date "1991.12.??"]
[Round "7"]
[White "Bellia, Fabrizio"]
[Black "Tatai, Stefano"]
[WhiteElo "2270"]
[BlackElo "2410"]
[Result "1/2-1/2"]
[PlyCount "44"]
[EventDate "1991.12.11"]

1. e4 e5 2. Bc4 Nf6 3. d3 Nc6 4. Nf3 Be7 5. O-O O-O 6. Re1 d6 7. c3 Kh8 8. h3
Na5 9. Bb5 a6 10. Ba4 b5 11. Bc2 c5 12. Nbd2 Ng8 13. Nf1 Bf6 14. d4 cxd4 15.
cxd4 Nc6 16. Be3 exd4 17. Nxd4 Nge7 18. Ng3 Nxd4 19. Bxd4 Nc6 20. Bxf6 Qxf6 21.
Bb3 Bb7 22. Bd5 Rab8 1/2-1/2

[Event "LI C.to Italiano"]
[Site "Chianciano Terme ITA"]
[Date "1991.12.??"]
[Round "7"]
[White "Ceschia, Ivano"]
[Black "Manca, Federico"]
[WhiteElo "2325"]
[BlackElo "2410"]
[Result "1/2-1/2"]
[PlyCount "22"]
[EventDate "1991.12.11"]

1. e4 d6 2. d4 Nf6 3. Nc3 g6 4. Nf3 Bg7 5. Be2 O-O 6. O-O Bg4 7. Be3 Nc6 8. Qd2
e5 9. d5 Ne7 10. h3 Bxf3 11. Bxf3 Nd7 1/2-1/2

[Event "LI C.to Italiano"]
[Site "Chianciano Terme ITA"]
[Date "1991.12.??"]
[Round "7"]
[White "Marinelli, Tullio"]
[Black "Passerotti, Pierluigi"]
[WhiteElo "2365"]
[BlackElo "2320"]
[Result "1-0"]
[PlyCount "71"]
[EventDate "1991.12.11"]

1. d4 d5 2. Nf3 c6 3. c4 e6 4. Nc3 dxc4 5. e3 b5 6. a4 Bb4 7. Bd2 a5 8. axb5
Bxc3 9. Bxc3 cxb5 10. b3 Bb7 11. bxc4 b4 12. Bb2 Nf6 13. Bd3 Nbd7 14. O-O Ra7
15. Re1 Qa8 16. e4 Bxe4 17. Bxe4 Nxe4 18. d5 Ndf6 19. Qa4+ Kf8 20. Bxf6 Nxf6
21. dxe6 g6 22. Ng5 fxe6 23. Rxe6 Kg7 24. Rae1 Rf8 25. c5 Kg8 26. c6 Qd8 27.
Rd1 Qb6 28. Qb3 a4 29. Qc4 Kh8 30. Qf4 Kg7 31. Red6 Re7 32. Ne6+ Rxe6 33. Rxe6
Ng4 34. Re7+ Kg8 35. Qc4+ Kh8 36. Rf7 1-0

[Event "LI C.to Italiano"]
[Site "Chianciano Terme ITA"]
[Date "1991.12.??"]
[Round "7"]
[White "Vaccani, Alberto"]
[Black "Sarno, Spartaco"]
[WhiteElo "2270"]
[BlackElo "2385"]
[Result "0-1"]
[PlyCount "64"]
[EventDate "1991.12.11"]

1. e4 d6 2. d4 Nf6 3. Nc3 g6 4. Bg5 c6 5. e5 dxe5 6. dxe5 Qxd1+ 7. Rxd1 Ng4 8.
Nf3 Bg7 9. Bc4 Bf5 10. O-O Nd7 11. e6 fxe6 12. Rfe1 Nge5 13. Nxe5 Nxe5 14. Bb3
Nf7 15. Bf4 Rd8 16. Rxd8+ Nxd8 17. Be3 b6 18. a4 Nb7 19. f3 h5 20. Bf2 Kd7 21.
Ne4 Bxb2 22. Ng5 Nd8 23. a5 e5 24. axb6 axb6 25. Bxb6 Bd4+ 26. Bxd4 exd4 27.
Ra1 Nb7 28. Nf7 Rb8 29. Rd1 c5 30. c3 Na5 31. Ne5+ Kc7 32. Bf7 dxc3 0-1

[Event "LI C.to Italiano"]
[Site "Chianciano Terme ITA"]
[Date "1991.12.??"]
[Round "7"]
[White "Vallifuoco, Giacomo"]
[Black "Rossi, Carlo"]
[WhiteElo "2360"]
[BlackElo "2325"]
[Result "1/2-1/2"]
[PlyCount "20"]
[EventDate "1991.12.11"]

1. e4 c5 2. Nf3 Nc6 3. d4 cxd4 4. Nxd4 g6 5. c4 Bg7 6. Nc2 Nf6 7. Nc3 O-O 8.
Be2 d6 9. O-O b6 10. Be3 Bb7 1/2-1/2

[Event "LI C.to Italiano"]
[Site "Chianciano Terme ITA"]
[Date "1991.12.??"]
[Round "8"]
[White "Manca, Federico"]
[Black "Vallifuoco, Giacomo"]
[WhiteElo "2410"]
[BlackElo "2360"]
[Result "1/2-1/2"]
[PlyCount "40"]
[EventDate "1991.12.11"]

1. e4 c5 2. c3 d5 3. exd5 Qxd5 4. d4 Nf6 5. Nf3 e6 6. Bd3 cxd4 7. cxd4 Nc6 8.
Nc3 Qd6 9. O-O Be7 10. a3 O-O 11. Be3 a6 12. Qc2 Bd7 13. Rad1 Rac8 14. Rfe1 b5
15. Bg5 h6 16. Bh4 Qb8 17. Qe2 Rfe8 18. Ne5 Red8 19. Bb1 Be8 20. Nxc6 Bxc6
1/2-1/2

[Event "LI C.to Italiano"]
[Site "Chianciano Terme ITA"]
[Date "1991.12.??"]
[Round "8"]
[White "Rossi, Carlo"]
[Black "Bellia, Fabrizio"]
[WhiteElo "2325"]
[BlackElo "2270"]
[Result "1/2-1/2"]
[PlyCount "23"]
[EventDate "1991.12.11"]

1. Nf3 Nf6 2. g3 g6 3. b3 Bg7 4. Bb2 O-O 5. Bg2 c5 6. c4 Nc6 7. O-O d6 8. Nc3
Ne4 9. Qc1 Nxc3 10. Bxc3 Bxc3 11. Qxc3 e5 12. d3 1/2-1/2

[Event "LI C.to Italiano"]
[Site "Chianciano Terme ITA"]
[Date "1991.12.??"]
[Round "8"]
[White "Sarno, Spartaco"]
[Black "Tatai, Stefano"]
[WhiteElo "2385"]
[BlackElo "2410"]
[Result "0-1"]
[PlyCount "92"]
[EventDate "1991.12.11"]

1. d4 Nf6 2. c4 e6 3. Nf3 d5 4. Nc3 Bb4 5. Bg5 Nbd7 6. e3 c5 7. cxd5 exd5 8.
Bd3 Qa5 9. Qc2 O-O 10. O-O c4 11. Bf5 Re8 12. Nd2 Be7 13. Bh4 Nb6 14. Bxc8
Raxc8 15. f3 Rcd8 16. Kh1 g6 17. Bf2 Nh5 18. g4 Ng7 19. Rad1 f5 20. h3 Bf6 21.
Rg1 Kh8 22. Nf1 Nc8 23. Bg3 Ne7 24. Be1 Ng8 25. Qh2 Rd7 26. Bg3 Qd8 27. Bf4 g5
28. Bg3 a6 29. Qc2 Ne7 30. Rd2 b5 31. Rh2 Nc6 32. gxf5 Nb4 33. Qg2 Nxf5 34. Be5
Nh4 35. Qg3 Bxe5 36. dxe5 Nd3 37. f4 gxf4 38. exf4 Rf7 39. Rd2 d4 40. Ne4 Qd5
41. Qxh4 Qxe4+ 42. Rdg2 Qxf4 43. e6 Rff8 44. e7 Qxh4 45. exf8=Q+ Rxf8 46. Rg8+
Rxg8 0-1

[Event "LI C.to Italiano"]
[Site "Chianciano Terme ITA"]
[Date "1991.12.??"]
[Round "8"]
[White "Vaccani, Alberto"]
[Black "Marinelli, Tullio"]
[WhiteElo "2270"]
[BlackElo "2365"]
[Result "0-1"]
[PlyCount "61"]
[EventDate "1991.12.11"]

1. e4 c5 2. Nf3 d6 3. d4 cxd4 4. Nxd4 Nf6 5. Nc3 a6 6. Bc4 e6 7. Bb3 Qc7 8. f4
Nbd7 9. Qe2 Nc5 10. O-O Be7 11. e5 dxe5 12. fxe5 Nfd7 13. Bf4 b5 14. Nd5 exd5
15. e6 Qb7 16. exf7+ Kf8 17. Bd6 Nf6 18. Rxf6 Nxb3 19. Re1 Ra7 20. axb3 gxf6
21. Qh5 h6 22. Rxe7 Qxe7 23. Qxd5 Kg7 24. Bxe7 Rxe7 25. Kf2 Rxf7 26. Nf3 Re8
27. Nh4 Rd7 28. Qh5 Kf8 29. Qg6 Rd2+ 30. Kf1 Ree2 31. Qh7 0-1

[Event "LI C.to Italiano"]
[Site "Chianciano Terme ITA"]
[Date "1991.12.??"]
[Round "9"]
[White "Bellia, Fabrizio"]
[Black "Manca, Federico"]
[WhiteElo "2270"]
[BlackElo "2410"]
[Result "1/2-1/2"]
[PlyCount "36"]
[EventDate "1991.12.11"]

1. e4 d6 2. d4 Nf6 3. Nc3 g6 4. Nf3 Bg7 5. h3 O-O 6. Be3 c6 7. a4 a5 8. Be2 Na6
9. O-O Nb4 10. Nd2 Qc7 11. Ncb1 e5 12. dxe5 dxe5 13. c3 Na6 14. Na3 Be6 15. Qc2
Nd7 16. Rfd1 Nac5 17. Bc4 Rfd8 18. Bxe6 Nxe6 1/2-1/2

[Event "LI C.to Italiano"]
[Site "Chianciano Terme ITA"]
[Date "1991.12.??"]
[Round "9"]
[White "Marinelli, Tullio"]
[Black "Sarno, Spartaco"]
[WhiteElo "2365"]
[BlackElo "2385"]
[Result "0-1"]
[PlyCount "84"]
[EventDate "1991.12.11"]

1. d4 Nf6 2. c4 g6 3. Nc3 d5 4. Nf3 Bg7 5. Qb3 dxc4 6. Qxc4 O-O 7. e4 a6 8. Qb3
b5 9. e5 Nfd7 10. Bf4 c5 11. d5 Nb6 12. Rd1 Bb7 13. d6 Nc6 14. Bg5 c4 15. dxe7
cxb3 16. exd8=Q Nxd8 17. axb3 Re8 18. Be2 b4 19. Na2 Ne6 20. O-O Nxg5 21. Nxg5
Rxe5 22. Bf3 Bxf3 23. Nxf3 Ra5 24. Nc1 Bxb2 25. Rd6 Rb8 26. Nd3 Bc3 27. Nd4 Rd5
28. Rxd5 Nxd5 29. Ne2 Bg7 30. Rc1 Nc3 31. Kf1 a5 32. Ke1 Re8 33. Rc2 a4 34.
bxa4 b3 35. Rb2 Nxe2 36. Rxe2 Rxe2+ 37. Kxe2 b2 38. Nxb2 Bxb2 39. Kd3 Be5 40.
a5 Kf8 41. Ke4 Bc7 42. a6 Bb6 0-1

[Event "LI C.to Italiano"]
[Site "Chianciano Terme ITA"]
[Date "1991.12.??"]
[Round "9"]
[White "Tatai, Stefano"]
[Black "Rossi, Carlo"]
[WhiteElo "2410"]
[BlackElo "2325"]
[Result "1-0"]
[PlyCount "85"]
[EventDate "1991.12.11"]

1. e4 Nc6 2. Nf3 d6 3. d4 Nf6 4. Nc3 Bg4 5. Be3 e6 6. h3 Bh5 7. Be2 Be7 8. O-O
O-O 9. d5 exd5 10. exd5 Bxf3 11. Bxf3 Ne5 12. Be2 c5 13. a4 a6 14. a5 Nfd7 15.
f4 Ng6 16. Qd2 Re8 17. Nd1 Bf6 18. c3 Qe7 19. g3 Rac8 20. b3 Rc7 21. Bf3 Qd8
22. Bf2 Be7 23. h4 h6 24. h5 Ngf8 25. Ne3 Nh7 26. Nf5 Bf8 27. Qc2 Ndf6 28. Nh4
Qc8 29. Nf5 g6 30. hxg6 fxg6 31. Nh4 g5 32. Nf5 g4 33. Bg2 Rf7 34. Rfe1 Rxe1+
35. Rxe1 Qd8 36. b4 cxb4 37. cxb4 Rc7 38. Qd3 Qd7 39. Nd4 Qa4 40. Qb1 Rc4 41.
Qg6+ Kh8 42. Ne6 Qc2 43. Nxf8 1-0